00285nam a2200121Ia 4500008004100000041001200041082001600053100001300069245002300082260003100105300000800136650001900144221030s9999 xx 000 0 und d aEnglish a105.23bGup aR. Gupta 0aNumerical Analysis bLaxmi PubaNew Delhic2000 a382 aBE Mathematics